[Event "13th Reykjavik op"]
[Site "Reykjavik ISL"]
[Date "1988.02.25"]
[Round "3.6"]
[White "Adorjan, Andras"]
[Black "Gausel, Einar"]
[Result "1/2-1/2"]
[WhiteElo "2540"]
[BlackElo "2360"]
[EventDate "1988.02.23"]
[PlyCount "38"]

1.d4 d5 2.c4 dxc4 3.Nf3 Nf6 4.e3 Bg4 5.Bxc4 e6 6.Nc3 Nc6 7.h3 Bh5 8.g4 Bg6
9.Nh4 Be4 10.O-O Nd5 11.Nxe4 Qxh4 12.Qf3 Nf6 13.Ba6 O-O-O 14.Nxf6 gxf6 15.
Qxc6 bxa6 16.Qxa6+ Kb8 17.Qb5+ Kc8 18.Qa6+ Kb8 19.Qb5+ Kc8 1/2-1/2

[Event "13th Reykjavik op"]
[Site "Reykjavik ISL"]
[Date "1988.02.25"]
[Round "3.8"]
[White "Olafsson, Helgi"]
[Black "Sorensen, Torben"]
[Result "1-0"]
[WhiteElo "2510"]
[BlackElo "2360"]
[EventDate "1988.02.23"]
[PlyCount "93"]

1.d4 d5 2.c4 c6 3.Nc3 Nf6 4.e3 e6 5.Nf3 Nbd7 6.Bd3 Bd6 7.e4 dxe4 8.Nxe4 
Nxe4 9.Bxe4 O-O 10.O-O h6 11.Bc2 e5 12.Re1 exd4 13.Qxd4 Nf6 14.Bxh6 gxh6 
15.Rad1 Ne8 16.c5 Bxh2+ 17.Kxh2 Qxd4 18.Rxd4 Be6 19.Ne5 Nf6 20.Rb4 Rab8 
21.Re3 Rfd8 22.Bb3 Nd5 23.Bxd5 Bxd5 24.Ra3 a6 25.Rh4 Be6 26.Rxh6 Kg7 27.
Rh4 Rd5 28.Rg3+ Kf6 29.Nd3 Rbd8 30.Nf4 Rxc5 31.Rh6+ Ke7 32.Nxe6 fxe6 33.
Rh7+ Kd6 34.Rxb7 Rh8+ 35.Rh3 Rf8 36.Rd3+ Rd5 37.Rxd5+ cxd5 38.Kg3 d4 39.f3
Rc8 40.Kf4 Kd5 41.Rd7+ Kc4 42.Ke4 e5 43.f4 exf4 44.Rxd4+ Kb5 45.Rd2 Rc4+ 
46.Ke5 a5 47.b3 1-0

[Event "13th Reykjavik op"]
[Site "Reykjavik ISL"]
[Date "1988.02.25"]
[Round "3.11"]
[White "Dolmatov, Sergei"]
[Black "Halldorsson, Bragi"]
[Result "1-0"]
[WhiteElo "2565"]
[BlackElo "2260"]
[EventDate "1988.02.23"]
[PlyCount "108"]

1.e4 c6 2.d4 d5 3.exd5 cxd5 4.c4 Nf6 5.Nc3 g6 6.cxd5 Bg7 7.Qb3 O-O 8.Be2 
Nbd7 9.Bf3 Nb6 10.Nge2 a5 11.a4 Qd6 12.Nb5 Qb4+ 13.Qxb4 axb4 14.d6 exd6 
15.b3 Be6 16.Nc7 Rab8 17.Nxe6 fxe6 18.Bd2 Nbd5 19.O-O Kf7 20.Rfc1 Rfc8 21.
g4 Nc3 22.Nxc3 bxc3 23.Rxc3 Rxc3 24.Bxc3 Nd5 25.Bxd5 exd5 26.Rd1 h5 27.
gxh5 gxh5 28.Kg2 Bf6 29.Kf3 Rc8 30.Rd3 Rg8 31.Ke2 Rg1 32.Rd1 Rg2 33.h3 Rh2
34.Rd3 Rh1 35.Be1 Rg1 36.a5 Rg8 37.b4 Rc8 38.Bc3 Ke6 39.Rf3 b6 40.Kd3 bxa5
41.bxa5 Rc6 42.Re3+ Kd7 43.Re1 Rc8 44.Rb1 Bd8 45.Bd2 Rc4 46.Ra1 Rc8 47.f4 
Ke6 48.Re1+ Kf7 49.Rb1 Ra8 50.Rb5 Ke6 51.f5+ Kxf5 52.Rxd5+ Ke6 53.Rxh5 d5 
54.Rh8 Kd7 1-0

[Event "13th Reykjavik op"]
[Site "Reykjavik ISL"]
[Date "1988.02.25"]
[Round "3.12"]
[White "Briem, Stefan"]
[Black "Schoen, Wolfram"]
[Result "0-1"]
[WhiteElo "2225"]
[BlackElo "2450"]
[EventDate "1988.02.23"]
[PlyCount "114"]

1.e4 c5 2.f4 d5 3.exd5 Nf6 4.Bb5+ Bd7 5.Bxd7+ Qxd7 6.c4 e6 7.dxe6 Qxe6+ 8.
Qe2 Nc6 9.Qxe6+ fxe6 10.g3 Nb4 11.Na3 Nd3+ 12.Ke2 O-O-O 13.Nf3 Be7 14.Ne1 
Nb4 15.Nac2 Nc6 16.Nf3 Rhe8 17.d3 e5 18.f5 e4 19.dxe4 Nxe4 20.Be3 Bf6 21.
Rhd1 Bxb2 22.Rxd8+ Rxd8 23.Rg1 h6 24.g4 Na5 25.g5 h5 26.f6 Nxc4 27.f7 g6 
28.Nh4 Ne5 29.Rf1 Nc3+ 30.Kf2 Nxf7 31.Kg2 Ne5 32.Bf4 Nd1 33.Bxe5 Bxe5 34.
Nxg6 Rd2+ 35.Kf3 Bxh2 36.Ne3 Nxe3 37.Kxe3 Rg2 38.Rf8+ Kd7 39.Rg8 Ke6 40.
Nh8 Be5 41.Re8+ Kd5 42.Rd8+ Kc4 43.Nf7 Bd4+ 44.Ke4 h4 45.Nd6+ Kc3 46.Kf5 
h3 47.Ne4+ Kc2 48.Rd7 h2 49.Rh7 Kd3 50.Rh3+ Ke2 51.Kf4 c4 52.Ng3+ Ke1 53.
Nf5 Bf2 54.g6 Rxg6 55.Rxh2 c3 56.Kf3 Rf6 57.Rh1+ Kd2 0-1

[Event "13th Reykjavik op"]
[Site "Reykjavik ISL"]
[Date "1988.02.25"]
[Round "3.13"]
[White "Barle, Janez"]
[Black "Karason, Askell Orn"]
[Result "0-1"]
[WhiteElo "2425"]
[BlackElo "2235"]
[EventDate "1988.02.23"]
[PlyCount "114"]

1.e4 c5 2.c3 d5 3.exd5 Qxd5 4.d4 Nf6 5.Nf3 Bg4 6.Be2 e6 7.O-O Be7 8.h3 Bh5
9.Na3 Nc6 10.Nb5 Qd8 11.dxc5 Bxc5 12.Nbd4 O-O 13.Nxc6 bxc6 14.Qa4 Qb6 15.
Qh4 Be7 16.c4 Rfd8 17.b3 a5 18.Bg5 Bg6 19.Ne5 a4 20.Bf3 Rac8 21.bxa4 Qc5 
22.Nxg6 hxg6 23.Rfd1 Qb4 24.Rxd8+ Bxd8 25.Qf4 Qxa4 26.c5 Qb5 27.Qd4 Be7 
28.a4 Bxc5 29.Qxf6 Bxf2+ 30.Kh2 gxf6 31.axb5 fxg5 32.bxc6 Kf8 33.g4 Rc7 
34.Kg2 Be3 35.Ra4 Ke7 36.Rb4 Bc5 37.Rb7 Kd6 38.Rxc7 Kxc7 39.Be4 Kd6 40.Kg3
Bb4 41.Kf2 Ba5 42.Ke3 f5 43.Bc2 Bb6+ 44.Ke2 Ke5 45.Bb3 Kf6 46.Kd3 Ke5 47.
Ke2 Kd6 48.Bc4 Ke7 49.Bd3 Kf6 50.Bc2 e5 51.Kd3 e4+ 52.Kc4 Ke5 53.Kb5 Bd8 
54.Ka6 f4 55.Kb7 f3 56.Bd1 Kf4 57.Kc8 Ba5 0-1

[Event "13th Reykjavik op"]
[Site "Reykjavik ISL"]
[Date "1988.02.25"]
[Round "3.24"]
[White "Arnason, Throestur"]
[Black "Jonasson, Benedikt"]
[Result "0-1"]
[WhiteElo "2235"]
[BlackElo "2345"]
[EventDate "1988.02.23"]
[PlyCount "72"]

1.d4 d5 2.c4 e6 3.Nc3 c5 4.Nf3 cxd4 5.Nxd4 e5 6.Nf3 d4 7.Nd5 Nc6 8.e4 Bd6 
9.Bd3 Nge7 10.h3 Ng6 11.g4 Be6 12.a3 a5 13.Bg5 f6 14.Bd2 O-O 15.Ng1 Nf4 
16.Bxf4 exf4 17.Ne2 g5 18.f3 Ne5 19.Nxd4 Bxd5 20.cxd5 Qb6 21.Nf5 Bc5 22.
Rb1 Bf2+ 23.Ke2 Bg3 24.Rf1 Rac8 25.Qd2 Kh8 26.b4 a4 27.Rbc1 Rfd8 28.Nxg3 
fxg3 29.Qe3 Qd6 30.Rxc8 Rxc8 31.Rc1 Rxc1 32.Qxc1 Qb6 33.Qc5 Qxc5 34.bxc5 
g2 35.Kf2 Nxd3+ 36.Kxg2 Nxc5 0-1

[Event "13th Reykjavik op"]
[Site "Reykjavik ISL"]
[Date "1988.02.25"]
[Round "3.25"]
[White "Arnason, Arni Arman"]
[Black "Hardarson, Robert"]
[Result "0-1"]
[WhiteElo "2215"]
[BlackElo "2295"]
[EventDate "1988.02.23"]
[PlyCount "82"]

1.d4 d5 2.c4 e6 3.g3 c5 4.Bg2 Nc6 5.Nf3 Nf6 6.O-O Be7 7.cxd5 exd5 8.e3 O-O
9.dxc5 Bxc5 10.Nbd2 Bb6 11.Nb3 Ne4 12.Nbd4 Bg4 13.Qb3 Rc8 14.Nxc6 bxc6 15.
h3 Be6 16.Nd4 Bd7 17.Rd1 Qf6 18.Qc2 c5 19.Nb3 c4 20.Nd4 Ba4 21.Qxa4 Qxf2+ 
22.Kh1 Nxg3+ 23.Kh2 Bc7 24.Qc2 Nf5+ 25.Kh1 Qg3 26.Bf1 Nxe3 27.Bxe3 Qxe3 
28.Bg2 Rce8 29.Nf3 Qf4 30.Rd4 Re4 31.Rad1 Rfe8 32.Qd2 Qg3 33.Rxe4 dxe4 34.
Qe1 Qf4 35.Qh4 exf3 36.Qxf4 fxg2+ 37.Kxg2 Bxf4 38.Kf3 Be5 39.b3 c3 40.h4 
c2 41.Rc1 Rc8 0-1

[Event "13th Reykjavik op"]
[Site "Reykjavik ISL"]
[Date "1988.02.27"]
[Round "4.1"]
[White "Gurevich, Mikhail"]
[Black "Dizdar, Goran"]
[Result "1-0"]
[WhiteElo "2625"]
[BlackElo "2490"]
[EventDate "1988.02.23"]
[PlyCount "65"]

1.d4 Nf6 2.c4 e6 3.Nc3 Bb4 4.e3 O-O 5.Bd3 d5 6.cxd5 exd5 7.Ne2 Bd6 8.Nb5 
Be7 9.O-O Re8 10.a3 a5 11.Kh1 Na6 12.f3 c5 13.Nbc3 Bd7 14.g4 Nc7 15.a4 Ne6
16.Rg1 Bc6 17.Bc2 Nd7 18.f4 cxd4 19.exd4 Bb4 20.g5 Nef8 21.f5 Nc5 22.Nf4 
Ne4 23.Nxe4 dxe4 24.Be3 Bd6 25.Nh5 Bd5 26.Qg4 Rc8 27.Rg2 Nd7 28.Nxg7 Rxc2 
29.Rxc2 Kxg7 30.Rg1 Nf8 31.Qh5 Kh8 32.g6 fxg6 33.fxg6 1-0

[Event "13th Reykjavik op"]
[Site "Reykjavik ISL"]
[Date "1988.02.27"]
[Round "4.3"]
[White "Browne, Walter Shawn"]
[Black "Kotronias, Vasilios"]
[Result "1/2-1/2"]
[WhiteElo "2530"]
[BlackElo "2475"]
[EventDate "1988.02.23"]
[PlyCount "48"]

1.d4 Nf6 2.c4 g6 3.Nc3 d5 4.cxd5 Nxd5 5.e4 Nxc3 6.bxc3 Bg7 7.Bc4 b6 8.Ne2 
Bb7 9.Qd3 Qd7 10.d5 c6 11.O-O O-O 12.Rd1 b5 13.Bb3 Na6 14.Be3 Rfd8 15.Bd4 
cxd5 16.exd5 Bxd4 17.Qxd4 Qd6 18.Qe3 Nc5 19.Rd4 Nxb3 20.axb3 e5 21.dxe6 
Qxe6 22.Qxe6 fxe6 23.Rxa7 Bd5 24.Rxa8 Rxa8 1/2-1/2

[Event "13th Reykjavik op"]
[Site "Reykjavik ISL"]
[Date "1988.02.27"]
[Round "4.4"]
[White "Arnason, Jon"]
[Black "Akesson, Ralf"]
[Result "1-0"]
[WhiteElo "2510"]
[BlackElo "2445"]
[EventDate "1988.02.23"]
[PlyCount "47"]

1.e4 c5 2.Nf3 e6 3.d4 cxd4 4.Nxd4 a6 5.Bd3 g6 6.Nc3 Bg7 7.Be3 Nc6 8.Nxc6 
bxc6 9.Na4 Rb8 10.O-O d6 11.Qd2 Ne7 12.Rad1 O-O 13.Be2 d5 14.Ba7 Rb7 15.
Bc5 Rb8 16.Qe3 Re8 17.c4 Bb7 18.Qg3 Qa5 19.b3 Bf8 20.Bb6 Qb4 21.Bd4 c5 22.
Bc3 Qa3 23.Bb2 Qb4 24.a3 1-0

[Event "13th Reykjavik op"]
[Site "Reykjavik ISL"]
[Date "1988.02.27"]
[Round "4.6"]
[White "Hoi, Carsten"]
[Black "Adorjan, Andras"]
[Result "1/2-1/2"]
[WhiteElo "2405"]
[BlackElo "2540"]
[EventDate "1988.02.23"]
[PlyCount "37"]

1.d4 Nf6 2.Nf3 e6 3.Bg5 c5 4.e3 Be7 5.Bd3 b6 6.Nbd2 Bb7 7.c3 Nc6 8.O-O h6 
9.Bh4 O-O 10.a3 Nh5 11.Bxe7 Qxe7 12.b4 cxd4 13.cxd4 Rfc8 14.Qe2 Rc7 15.g3 
d6 16.e4 Rd8 17.Rac1 Nf6 18.Rc2 Nb8 19.Re1 1/2-1/2

[Event "13th Reykjavik op"]
[Site "Reykjavik ISL"]
[Date "1988.02.27"]
[Round "4.7"]
[White "Stefansson, Hannes Hlifar"]
[Black "Dolmatov, Sergei"]
[Result "1/2-1/2"]
[WhiteElo "2395"]
[BlackElo "2565"]
[EventDate "1988.02.23"]
[PlyCount "69"]

1.e4 e6 2.d4 d5 3.Nc3 Bb4 4.e5 c5 5.Bd2 Ne7 6.f4 O-O 7.Nf3 Nbc6 8.Bd3 f6 
9.dxc5 Bxc5 10.Na4 Bb4 11.O-O Bd7 12.c3 Ba5 13.b4 Bc7 14.Nc5 Bb6 15.Be3 h6
16.Kh1 Qc7 17.exf6 Rxf6 18.b5 Nb8 19.Bd4 Bxc5 20.Bxf6 gxf6 21.Nh4 Be8 22.
Qg4+ Kf8 23.Qxe6 Nd7 24.Rae1 h5 25.Qh3 Bd6 26.Qg3 Nc5 27.Bg6 Ne4 28.Bxe4 
dxe4 29.Rxe4 Bf7 30.Rfe1 Qc5 31.c4 a6 32.Qc3 Ng8 33.Qg3 Ne7 34.Qc3 Ng8 35.
Qg3 1/2-1/2

[Event "13th Reykjavik op"]
[Site "Reykjavik ISL"]
[Date "1988.02.27"]
[Round "4.9"]
[White "Schoen, Wolfram"]
[Black "Hansson, Dan"]
[Result "1-0"]
[WhiteElo "2450"]
[BlackElo "2280"]
[EventDate "1988.02.23"]
[PlyCount "121"]

1.d4 Nf6 2.c4 g6 3.Nc3 Bg7 4.e4 O-O 5.f4 d6 6.Nf3 c5 7.d5 b5 8.e5 dxe5 9.
fxe5 Ng4 10.Bf4 Nd7 11.cxb5 Ngxe5 12.Nxe5 Nxe5 13.Be2 c4 14.O-O a6 15.a4 
axb5 16.Nxb5 Bb7 17.Bxe5 Bxe5 18.Bxc4 e6 19.Qe2 Bxd5 20.Bxd5 Qxd5 21.Rfd1 
Qc5+ 22.Kh1 Rfc8 23.b4 Qxb4 24.Qxe5 Rxa4 25.Rac1 Rca8 26.Nc7 R4a5 27.Qf6 
Rf5 28.Rd8+ Rxd8 29.Qxd8+ Kg7 30.h3 h5 31.Ne8+ Kh7 32.Qd3 Qb2 33.Rb1 Qe5 
34.Nd6 Rf4 35.Rd1 h4 36.Nc4 Qb5 37.Ne3 Qe5 38.Ng4 Qc7 39.Qd2 Qb8 40.Qe1 g5
41.Rd7 Rf5 42.Qa1 Qb5 43.Rd1 Qb8 44.Rb1 Qc7 45.Rf1 Rxf1+ 46.Qxf1 f5 47.Nh2
Kg6 48.Nf3 e5 49.Qa6+ Kh5 50.Qe2 e4 51.Ne5+ g4 52.hxg4+ Kg5 53.Qd2+ f4 54.
Qd5 h3 55.Nf3+ Kh6 56.Qe6+ Kg7 57.Qxe4 hxg2+ 58.Kxg2 Qc1 59.g5 Qb2+ 60.Kh3
Qc1 61.Kg4 1-0

[Event "13th Reykjavik op"]
[Site "Reykjavik ISL"]
[Date "1988.02.27"]
[Round "4.10"]
[White "Gausel, Einar"]
[Black "Tisdall, Jonathan"]
[Result "1-0"]
[WhiteElo "2360"]
[BlackElo "2425"]
[EventDate "1988.02.23"]
[PlyCount "71"]

1.d4 Nf6 2.Nf3 g6 3.c4 Bg7 4.Nc3 d5 5.cxd5 Nxd5 6.e4 Nxc3 7.bxc3 O-O 8.Be2
c5 9.O-O Nc6 10.Be3 Qa5 11.d5 Ne5 12.Nxe5 Bxe5 13.Rc1 b6 14.Qc2 e6 15.Bh6 
Re8 16.f4 Bg7 17.Bxg7 Kxg7 18.d6 e5 19.Qd2 Qa4 20.fxe5 Be6 21.c4 Qb4 22.
Qf4 Qb2 23.Rf2 Qd4 24.h4 h5 25.Rd1 Qc3 26.d7 Red8 27.Rd6 Qe1+ 28.Kh2 Rxd7 
29.Rxd7 Bxd7 30.Qxf7+ Kh6 31.Qf4+ Kh7 32.Qf7+ Kh6 33.Bxh5 Qxe4 34.Bxg6 
Qxe5+ 35.g3 Qg7 36.Qf4+ 1-0

[Event "13th Reykjavik op"]
[Site "Reykjavik ISL"]
[Date "1988.02.27"]
[Round "4.11"]
[White "Thorhallsson, Throestur"]
[Black "Karason, Askell Orn"]
[Result "1-0"]
[WhiteElo "2415"]
[BlackElo "2235"]
[EventDate "1988.02.23"]
[PlyCount "101"]

1.e4 c5 2.Nf3 e6 3.c3 d5 4.exd5 exd5 5.d4 Nc6 6.h3 Bd6 7.dxc5 Bxc5 8.Bd3 
Qe7+ 9.Qe2 Qxe2+ 10.Bxe2 Nf6 11.O-O O-O 12.Nbd2 Re8 13.Bd3 Bb6 14.Nb3 Bd7 
15.Bf4 Ne4 16.Rad1 Rad8 17.Nfd4 Ne5 18.Bxe5 Rxe5 19.Bb5 Bxb5 20.Nxb5 Rde8 
21.N5d4 Nd6 22.Nc1 g6 23.Nf3 R5e7 24.Rxd5 Ne4 25.Rdd1 h5 26.Nd4 Nc5 27.Nf3
Kg7 28.g3 Ne4 29.Kg2 f5 30.Nd2 g5 31.Nxe4 fxe4 32.Ne2 Rf7 33.Nd4 Kg6 34.
Rfe1 a6 35.Rd2 g4 36.h4 Ba7 37.Ree2 Rf3 38.Nc2 Ref8 39.Rd6+ R8f6 40.Rxf6+ 
Kxf6 41.Kf1 b5 42.Nd4 Bxd4 43.cxd4 Kf5 44.Re3 Rxe3 45.fxe3 a5 46.Ke2 Ke6 
47.Kd2 Kd6 48.Kc3 Kd5 49.Kb3 Kc6 50.a4 Kb6 51.Ka3 1-0

[Event "13th Reykjavik op"]
[Site "Reykjavik ISL"]
[Date "1988.02.27"]
[Round "4.13"]
[White "Gislason, Gudmundur"]
[Black "Ostenstad, Berge"]
[Result "1/2-1/2"]
[WhiteElo "2295"]
[BlackElo "2410"]
[EventDate "1988.02.23"]
[PlyCount "90"]

1.d4 Nf6 2.c4 e6 3.Nf3 b6 4.g3 Ba6 5.Nbd2 Bb4 6.Qc2 Bb7 7.Bg2 c5 8.d5 exd5
9.Nh4 O-O 10.O-O d6 11.a3 Bxd2 12.Bxd2 Re8 13.Bc3 Nbd7 14.Nf5 Ne5 15.cxd5 
Bxd5 16.e4 Bxe4 17.Bxe4 Nxe4 18.Qxe4 d5 19.Qg2 d4 20.f4 Nc4 21.Be1 Qd7 22.
Qc2 b5 23.b3 d3 24.Qc3 Qxf5 25.bxc4 bxc4 26.Qxc4 Re2 27.Rd1 Rd8 28.Bf2 Rd5
29.Rfe1 Rxe1+ 30.Bxe1 h5 31.Bc3 h4 32.Be5 Rd8 33.Rd2 Kh7 34.Qc1 f6 35.Bc3 
Re8 36.Qf1 Re3 37.gxh4 Qe4 38.Rf2 c4 39.Qg2 Qf5 40.Bd2 Re6 41.Qf3 Rb6 42.
Rf1 c3 43.Bxc3 Qc5+ 44.Kh1 Qxc3 45.Qh5+ Kg8 1/2-1/2

[Event "13th Reykjavik op"]
[Site "Reykjavik ISL"]
[Date "1988.02.27"]
[Round "4.14"]
[White "Lautier, Joel"]
[Black "Sorensen, Torben"]
[Result "1-0"]
[WhiteElo "2290"]
[BlackElo "2360"]
[EventDate "1988.02.23"]
[PlyCount "101"]

1.d4 Nf6 2.c4 c5 3.d5 e5 4.Nc3 d6 5.e4 Be7 6.g3 O-O 7.Bg2 Nbd7 8.Nge2 Ne8 
9.O-O a6 10.Be3 g6 11.f4 exf4 12.gxf4 Ng7 13.Ng3 f5 14.exf5 Nxf5 15.Nxf5 
gxf5 16.Kh1 Kh8 17.Rb1 Bf6 18.Qd3 b5 19.cxb5 axb5 20.Nxb5 Rxa2 21.Nxd6 Ba6
22.Qxf5 Bxf1 23.Rxf1 Qe7 24.Qe6 Rxb2 25.Bh3 Re2 26.Nf5 Qf7 27.Bg4 Ra2 28.
Rg1 Ra1 29.Rxa1 Bxa1 30.Nd6 Qxe6 31.dxe6 Nf6 32.Bf3 Bd4 33.Bd2 Rg8 34.Bg2 
Rb8 35.Bb7 Ne8 36.Nxe8 Rxb7 37.Nd6 Rb8 38.Kg2 Bf6 39.Be3 Rb6 40.Bxc5 Rc6 
41.Ne4 Rxe6 42.Nxf6 Rxf6 43.Bd4 Kg7 44.Kf3 Kg6 45.Bxf6 Kxf6 46.Kg4 Kg6 47.
f5+ Kf6 48.Kf4 Kf7 49.Ke5 Ke7 50.f6+ Kf7 51.Kf5 1-0

[Event "13th Reykjavik op"]
[Site "Reykjavik ISL"]
[Date "1988.02.27"]
[Round "4.15"]
[White "Einarsson, Halldor"]
[Black "Bjarnason, Saevar"]
[Result "1-0"]
[WhiteElo "2215"]
[BlackElo "2335"]
[EventDate "1988.02.23"]
[PlyCount "85"]

1.e4 e5 2.Nf3 Nc6 3.Bb5 a6 4.Ba4 Nf6 5.O-O Be7 6.Re1 b5 7.Bb3 d6 8.c3 O-O 
9.h3 Na5 10.Bc2 c5 11.d4 Qc7 12.Nbd2 Nc6 13.d5 Nd8 14.a4 Rb8 15.b4 c4 16.
Nf1 Ne8 17.axb5 axb5 18.N3h2 f6 19.f4 exf4 20.Bxf4 g6 21.Nf3 Ng7 22.Nd4 
Bd7 23.Qd2 Nf7 24.Ra5 Qb7 25.Ne3 Ra8 26.Nc6 Bxc6 27.dxc6 Qb6 28.Kh1 Rxa5 
29.Nd5 Qd8 30.bxa5 Re8 31.Ra1 Qc8 32.Nxe7+ Rxe7 33.Qd5 Qa6 34.Rb1 Ne6 35.
Bxd6 Nxd6 36.Qxd6 Kf7 37.Rf1 Qxa5 38.Qe5 Qc7 39.Qxf6+ Kg8 40.e5 Qd8 41.Be4
Nc7 42.Qd6 Re8 43.Bxg6 1-0

[Event "13th Reykjavik op"]
[Site "Reykjavik ISL"]
[Date "1988.02.27"]
[Round "4.17"]
[White "Halldorsson, Bragi"]
[Black "Barle, Janez"]
[Result "0-1"]
[WhiteElo "2260"]
[BlackElo "2425"]
[EventDate "1988.02.23"]
[PlyCount "52"]

1.d4 Nf6 2.c4 e6 3.Nc3 Bb4 4.f3 d5 5.a3 Bd6 6.e4 c5 7.cxd5 exd5 8.e5 cxd4 
9.Qxd4 Nc6 10.Bb5 Qe7 11.Bf4 O-O 12.Bxc6 Bc5 13.Nxd5 Nxd5 14.Qxd5 Rd8 15.
Qb3 bxc6 16.Ne2 Ba6 17.Rd1 Rxd1+ 18.Qxd1 Rd8 19.Qc1 Bb6 20.h4 Qe6 21.Rh3 
Qb3 22.g4 Qd3 23.Qd2 Qc4 24.b3 Qxb3 25.Qc1 Qd3 26.Rh2 Qxf3 0-1

[Event "13th Reykjavik op"]
[Site "Reykjavik ISL"]
[Date "1988.02.27"]
[Round "4.19"]
[White "Polgar, Judit"]
[Black "Briem, Stefan"]
[Result "1/2-1/2"]
[WhiteElo "2320"]
[BlackElo "2225"]
[EventDate "1988.02.23"]
[PlyCount "92"]

1.e4 e5 2.f4 d5 3.exd5 c6 4.Nc3 exf4 5.Nf3 Bd6 6.d4 Nf6 7.Qe2+ Qe7 8.Qxe7+
Kxe7 9.Bc4 b5 10.Bb3 b4 11.Ne2 Nxd5 12.Bxd5 cxd5 13.Bxf4 Ba6 14.Bxd6+ Kxd6
15.Ng3 Re8+ 16.Kd2 Nc6 17.Rae1 g6 18.Rxe8 Rxe8 19.Re1 Rxe1 20.Kxe1 f6 21.
Nf1 Bc8 22.Ne3 g5 23.g4 Ne7 24.h4 h6 25.hxg5 hxg5 26.Kd2 Be6 27.c3 bxc3+ 
28.Kxc3 Kc6 29.b4 Nc8 30.Nd2 Nd6 31.a4 a6 32.Kd3 Bg8 33.Nb3 Bh7+ 34.Ke2 
Ne4 35.Na5+ Kd6 36.Nb7+ Ke6 37.Ke1 Bg6 38.b5 axb5 39.axb5 Nc3 40.b6 Kd7 
41.Na5 Be4 42.Kd2 Nb5 43.b7 Kc7 44.Nc6 Kxb7 45.Ne7 Nxd4 46.N7xd5 f5 
1/2-1/2

[Event "13th Reykjavik op"]
[Site "Reykjavik ISL"]
[Date "1988.02.27"]
[Round "4.24"]
[White "Bjornsson, Tomas"]
[Black "Thorsteinsson, Thorsteinn"]
[Result "0-1"]
[WhiteElo "2270"]
[BlackElo "2295"]
[EventDate "1988.02.23"]
[PlyCount "56"]

1.d4 d5 2.c4 e6 3.Nc3 Nf6 4.Bg5 Nbd7 5.e3 Be7 6.Nf3 O-O 7.Qc2 c6 8.cxd5 
exd5 9.Bd3 Re8 10.O-O Nf8 11.a3 Bd6 12.Rfe1 Bg4 13.Nd2 Bd7 14.f3 Ng6 15.
Bf5 Be6 16.Rad1 h6 17.Bxf6 Qxf6 18.Bxg6 fxg6 19.Nf1 Qf7 20.Rd2 Rad8 21.e4 
dxe4 22.fxe4 Bb3 23.Qb1 Rf8 24.e5 Bc5 25.dxc5 Rxd2 26.Nxd2 Qf2+ 27.Kh1 
Qxd2 28.Re2 Bd1 0-1

[Event "13th Reykjavik op"]
[Site "Reykjavik ISL"]
[Date "1988.02.28"]
[Round "5.1"]
[White "Olafsson, Helgi"]
[Black "Gurevich, Mikhail"]
[Result "1/2-1/2"]
[WhiteElo "2510"]
[BlackElo "2625"]
[EventDate "1988.02.23"]
[PlyCount "58"]

1.c4 e6 2.Nc3 d5 3.d4 Nf6 4.Nf3 Be7 5.Bg5 h6 6.Bh4 O-O 7.e3 b6 8.Be2 Bb7 
9.Bxf6 Bxf6 10.cxd5 exd5 11.O-O Re8 12.b4 a6 13.a4 a5 14.b5 Qd6 15.Qb3 Nd7
16.Rfd1 Nf8 17.Rac1 Rad8 18.Bf1 Ne6 19.g3 Ng5 20.Nxg5 hxg5 21.Rd2 Qe6 22.
Qd1 Be7 23.Rdc2 Ba3 24.Ra1 Bd6 25.Bg2 g6 26.Re2 Bb4 27.Na2 Bd6 28.Nc3 Bb4 
29.Na2 Bd6 1/2-1/2

[Event "13th Reykjavik op"]
[Site "Reykjavik ISL"]
[Date "1988.02.28"]
[Round "5.2"]
[White "Polugaevsky, Lev"]
[Black "Arnason, Jon"]
[Result "0-1"]
[WhiteElo "2575"]
[BlackElo "2510"]
[EventDate "1988.02.23"]
[PlyCount "68"]

1.Nf3 Nf6 2.c4 e6 3.g3 d5 4.Bg2 dxc4 5.Qc2 c5 6.Na3 Nc6 7.Nxc4 Qc7 8.O-O 
b5 9.Ne3 Bb7 10.b3 Rc8 11.Bb2 Nb4 12.Qb1 Be7 13.Rc1 O-O 14.a4 a6 15.axb5 
axb5 16.Ng5 h6 17.Bxf6 hxg5 18.Bxe7 Qxe7 19.Bxb7 Qxb7 20.Qb2 Qe4 21.d3 Qd4
22.Qc3 f5 23.Nd1 f4 24.Ra5 f3 25.Qd2 e5 26.exf3 Nxd3 27.Rb1 Rxf3 28.Rxb5 
Rcf8 29.Rb7 Rxf2 30.Nxf2 Rxf2 31.Rxg7+ Kxg7 32.Qxg5+ Kf7 33.Qh5+ Ke7 34.
Qg5+ Kd7 0-1

[Event "13th Reykjavik op"]
[Site "Reykjavik ISL"]
[Date "1988.02.28"]
[Round "5.3"]
[White "Schoen, Wolfram"]
[Black "Petursson, Margeir"]
[Result "0-1"]
[WhiteElo "2450"]
[BlackElo "2540"]
[EventDate "1988.02.23"]
[PlyCount "153"]

1.d4 Nf6 2.c4 e6 3.Nc3 Bb4 4.e3 O-O 5.Bd3 d5 6.Nf3 c5 7.O-O Nc6 8.a3 Bxc3 
9.bxc3 Qc7 10.h3 Rd8 11.Qc2 Na5 12.Ne5 dxc4 13.Nxc4 Nxc4 14.Bxc4 b6 15.Bd3
Bb7 16.Bb2 e5 17.Rfd1 Qc6 18.f3 e4 19.Bxe4 Nxe4 20.Qxe4 Qxe4 21.fxe4 Bxe4 
22.Rd2 c4 23.Rf1 Rd5 24.Bc1 Re8 25.Rf4 Re6 26.Rdf2 f6 27.h4 Bd3 28.Rb2 Kf7
29.Rb4 a5 30.Rb2 Ke8 31.Rg4 Rf5 32.Bd2 g6 33.e4 Rf1+ 34.Kh2 Bxe4 35.Rf4 
Rd1 36.d5 Bxd5 37.Rd4 Bb7 38.Be3 Rd3 39.Bf2 Rxc3 40.Rbd2 Rd3 41.R4xd3 cxd3
42.Rxd3 b5 43.Rb3 Bc6 44.Bb6 Re2 45.Rg3 f5 46.Bxa5 f4 47.Rg5 Ra2 48.Bb4 f3
49.Kg1 fxg2 50.Re5+ Kf7 51.Kh2 Rf2 52.Bc5 Rf1 53.Bg1 Rb1 54.Rc5 Be4 55.Re5
Ba8 56.h5 Kf6 57.hxg6 hxg6 58.Re8 Bd5 59.Rd8 Be4 60.Re8 Kf5 61.Rf8+ Kg4 
62.Re8 Bd5 63.Re3 Rd1 64.Rg3+ Kf5 65.Rc3 g5 66.Rc8 g4 67.Rf8+ Kg6 68.Rd8 
Rd3 69.Rd6+ Kf7 70.Rh6 Rxa3 71.Rh5 Rd3 72.Rh4 Bf3 73.Rh7+ Kg6 74.Rh8 Bd5 
75.Rh4 Kg5 76.Rh7 b4 77.Rg7+ 0-1

[Event "13th Reykjavik op"]
[Site "Reykjavik ISL"]
[Date "1988.02.28"]
[Round "5.6"]
[White "Kotronias, Vasilios"]
[Black "Gausel, Einar"]
[Result "1-0"]
[WhiteElo "2475"]
[BlackElo "2360"]
[EventDate "1988.02.23"]
[PlyCount "111"]

1.e4 c6 2.d4 d5 3.e5 Bf5 4.Nc3 Qb6 5.Bd3 Bxd3 6.Qxd3 e6 7.Nge2 c5 8.dxc5 
Bxc5 9.O-O Ne7 10.Na4 Qc7 11.Nxc5 Qxc5 12.Qg3 Nd7 13.Qxg7 Rf8 14.Qxh7 Nxe5
15.Be3 Qc7 16.Nd4 N7g6 17.Qh3 a6 18.Rfe1 O-O-O 19.Bg5 Kb8 20.Qg3 Rd6 21.h4
Rh8 22.Re3 Nc6 23.Nxc6+ Rxc6 24.Qxc7+ Kxc7 25.Bf6 Rh7 26.c3 Kd6 27.Rae1 
Ne7 28.g4 Rc4 29.f3 Kd7 30.h5 Ng8 31.Bd4 Rc6 32.Kf2 Rc8 33.f4 Nh6 34.Rg3 
Rg8 35.Kf3 b5 36.Be5 Ke7 37.Bd4 Kd7 38.Re5 f6 39.Re1 Rf7 40.Be3 e5 41.Reg1
exf4 42.Bxf4 Rh7 43.Rd1 Ke6 44.Bxh6 Rxh6 45.Kf4 Rh7 46.Re3+ Kd6 47.Kf5 
Rg5+ 48.Kxf6 Rxg4 49.Re6+ Kc7 50.Re7+ Rxe7 51.Kxe7 Rg2 52.Rh1 Re2+ 53.Kf6 
Kd6 54.h6 Rf2+ 55.Kg5 Rg2+ 56.Kh5 1-0

[Event "13th Reykjavik op"]
[Site "Reykjavik ISL"]
[Date "1988.02.28"]
[Round "5.9"]
[White "Adorjan, Andras"]
[Black "Thorsteins, Karl"]
[Result "1/2-1/2"]
[WhiteElo "2540"]
[BlackElo "2440"]
[EventDate "1988.02.23"]
[PlyCount "124"]

1.c4 e6 2.Nc3 d5 3.d4 Be7 4.cxd5 exd5 5.Bf4 Nf6 6.e3 Bf5 7.h3 O-O 8.Nf3 a6
9.Rc1 Bd6 10.Be5 c6 11.Qb3 b5 12.Qd1 Ne4 13.Bxd6 Nxd6 14.Bd3 Qf6 15.Bxf5 
Nxf5 16.Ne5 Qh4 17.O-O f6 18.Nd3 Ra7 19.Rc2 Re7 20.Qf3 Qg5 21.Nf4 g6 22.
Rfc1 Kh8 23.a3 a5 24.Nce2 Nd6 25.b3 Qh6 26.Rxc6 Nxc6 27.Rxc6 Ne4 28.Nxd5 
Nd2 29.Qf4 Qxf4 30.Nexf4 Ree8 31.Ne6 Rc8 32.Rc5 Rxc5 33.dxc5 Rc8 34.b4 Nc4
35.Nd4 Nxa3 36.c6 a4 37.c7 Nc4 38.Nxb5 a3 39.Nbc3 Kg7 40.Kf1 Kf7 41.Ke2 
Ke6 42.Kd3 a2 43.Nxa2 Kxd5 44.Nc3+ Ke6 45.Kxc4 Rxc7+ 46.Kb3 Rd7 47.b5 Rd2 
48.Ne4 Rd1 49.Kc4 Rc1+ 50.Kd4 f5 51.Ng5+ Kd6 52.e4 Rd1+ 53.Ke3 h6 54.Nf3 
fxe4 55.Nh4 Re1+ 56.Kd2 Rg1 57.g3 g5 58.Nf5+ Ke5 59.Nxh6 Rb1 60.Nf7+ Kd4 
61.Nxg5 Rb2+ 62.Ke1 Kd5 1/2-1/2

[Event "13th Reykjavik op"]
[Site "Reykjavik ISL"]
[Date "1988.02.28"]
[Round "5.10"]
[White "Dizdar, Goran"]
[Black "Stefansson, Hannes Hlifar"]
[Result "1/2-1/2"]
[WhiteElo "2490"]
[BlackElo "2395"]
[EventDate "1988.02.23"]
[PlyCount "82"]

1.Nf3 g6 2.d4 d5 3.c4 c6 4.Nc3 Bg7 5.e3 Nf6 6.Be2 O-O 7.O-O Nbd7 8.cxd5 
Nxd5 9.Nxd5 cxd5 10.Qb3 Nf6 11.Ne5 a5 12.Rd1 Qd6 13.Bd2 Nd7 14.Nf3 Rd8 15.
Rac1 Nf6 16.Be1 Ne4 17.Rc2 e6 18.a4 Bd7 19.Rdc1 f6 20.Nd2 Nxd2 21.Bxd2 
Rdc8 22.Rxc8+ Bxc8 23.Bxa5 Bf8 24.Bc7 Qe7 25.a5 Qb4 26.Qxb4 Bxb4 27.Bb5 
Kf7 28.Bb6 Bd6 29.b4 Ke7 30.f4 Bd7 31.Be2 Bxb4 32.Rc7 Kd6 33.Rxb7 Bxa5 34.
Bc5+ Kc6 35.Rb1 Kc7 36.Kf2 Bc6 37.Ra1 Bb6 38.Bxb6+ Kxb6 39.Rb1+ Kc7 40.Rc1
Kd6 41.Rb1 Ra2 1/2-1/2

[Event "13th Reykjavik op"]
[Site "Reykjavik ISL"]
[Date "1988.02.28"]
[Round "5.12"]
[White "Barle, Janez"]
[Black "Agustsson, Johannes"]
[Result "1/2-1/2"]
[WhiteElo "2425"]
[BlackElo "2285"]
[EventDate "1988.02.23"]
[PlyCount "67"]

1.e4 c5 2.Nf3 e6 3.Nc3 d6 4.d4 cxd4 5.Qxd4 Nc6 6.Bb5 Bd7 7.Bxc6 Bxc6 8.Bg5
Nf6 9.O-O-O Be7 10.Rhe1 Qc7 11.Bxf6 gxf6 12.Nd5 Bxd5 13.exd5 e5 14.Qe4 Rc8
15.Re3 Qc4 16.Qf5 Rc5 17.b3 Qb4 18.Kb1 Rg8 19.g3 Rg6 20.h3 Qa3 21.c3 Qa5 
22.c4 b5 23.Nd2 bxc4 24.Nxc4 Qb5 25.Rc3 Kf8 26.Qe4 Kg8 27.Rf3 a5 28.Ne3 
Qe2 29.Rf5 Rc3 30.Qf3 Qb5 31.Qe4 Qe2 32.Qf3 Qb5 33.Qe4 Qe2 34.Qf3 1/2-1/2